Bhangarachi Istri (Record no. 103856)
[ view plain ]
| 000 -LEADER | |
|---|---|
| fixed length control field | 00642nam a2200217Ia 4500 |
| 003 - CONTROL NUMBER IDENTIFIER | |
| control field | OSt |
| 005 - DATE AND TIME OF LATEST TRANSACTION | |
| control field | 20240806121902.0 |
| 008 - FIXED-LENGTH DATA ELEMENTS--GENERAL INFORMATION | |
| fixed length control field | 210210b2000 xxu||||| |||| 00| 0 eng d |
| 040 ## - CATALOGING SOURCE | |
| Original cataloging agency | AL |
| Transcribing agency | |
| 041 ## - LANGUAGE CODE | |
| Language code of text/sound track or separate title | Konkani |
| 082 ## - DEWEY DECIMAL CLASSIFICATION NUMBER | |
| Classification number | 891.463 RODB |
| 100 ## - MAIN ENTRY--PERSONAL NAME | |
| Personal name | RODRIGAS (Victor). |
| 9 (RLIN) | 30833 |
| Dates associated with a name | ರೋಡ್ರಿಗಾಸ್ (ವಿಕ್ಟರ್) |
| 245 ## - TITLE STATEMENT | |
| Title | Bhangarachi Istri |
| Remainder of title | ಭಾಂಗಾರಾಚಿ ಇಸ್ತ್ರಿ |
| 260 ## - PUBLICATION, DISTRIBUTION, ETC. | |
| Place of publication, distribution, etc. | Jeppu |
| Name of publisher, distributor, etc. | Veena Prakashan |
| Date of publication, distribution, etc. | 2000 |
| 300 ## - PHYSICAL DESCRIPTION | |
| Extent | 199 |
| 650 ## - SUBJECT ADDED ENTRY--TOPICAL TERM | |
| Topical term or geographic name entry element | Pattedari Kadambari |
| 9 (RLIN) | 30834 |
| 650 ## - SUBJECT ADDED ENTRY--TOPICAL TERM | |
| Topical term or geographic name entry element | Rodrigues |
| 9 (RLIN) | 175342 |
| 690 ## - LOCAL SUBJECT ADDED ENTRY--TOPICAL TERM (OCLC, RLIN) | |
| Topical term or geographic name as entry element | Konkani Fiction |
| 9 (RLIN) | 30835 |
| 906 ## - LOCAL DATA ELEMENT F, LDF (RLIN) | |
| a | 056549 |
| 942 ## - ADDED ENTRY ELEMENTS (KOHA) | |
| Source of classification or shelving scheme | Dewey Decimal Classification |
| Koha item type | Book |
| Withdrawn status | Lost status | Damaged status | Not for loan | Collection code | Home library | Current library | Shelving location | Date acquired | Source of acquisition | Cost, normal purchase price | Total Checkouts | Full call number | Barcode | Date last seen | Price effective from | Koha item type | Date last checked out |
|---|---|---|---|---|---|---|---|---|---|---|---|---|---|---|---|---|---|
| St Aloysius Library | St Aloysius Library | 02/17/2021 | Veena Prakashan, Jeppu, Mangalore-02. | 25.00 | 891.463 RODB | 056549 | 02/17/2021 | 02/17/2021 | Book | ||||||||
| St Aloysius Library | St Aloysius Library | 02/17/2021 | Veena Prakashan, Jeppu, Mangalore-02. | 25.00 | 1 | 891.463 RODB | 056548 | 12/20/2025 | 02/17/2021 | Book | 12/11/2025 |